Music Quiz

Random Music or Billboard Quiz

#1, If It Weren't For Madonna Quiz Stats

 Plays Quiz not verified by Sporcle

Score 0/32 Timer 10:00
0 Plays Today
Hint Answer % Correct
Crazy For You (1 week, 1985)We Are The World
89.9%
This Used To Be My Playground (1 week, 1992)Baby Got Back
83.2%
Vogue (3 weeks, 1990)Nothing Compares 2 U
82.6%
Who's That Girl (1 week, 1987)La Bamba
71.1%
Like A Virgin (6 weeks, 1984-85)I Want To Know What Love Is
65.8%
Like A Prayer (3 weeks, 1989)She Drives Me Crazy
65.8%
Papa Don't Preach (2 weeks, 1986)Higher Love
60.4%
Take A Bow (7 weeks, 1995)Creep
60.4%
Take A Bow (7 weeks, 1995)Creep
60.4%
Take A Bow (7 weeks, 1995)Creep
60.4%
Live To Tell (1 week, 1986)On My Own
52.3%
Papa Don't Preach (2 weeks, 1986)Glory Of Love
51%
Justify My Love (2 weeks, 1991)Because I Love You (The Postman Song)
47.7%
Justify My Love (2 weeks, 1991)Because I Love You (The Postman Song)
47.7%
Open Your Heart (1 week, 1987)At This Moment
44.3%
Like A Virgin (6 weeks, 1984-85)The Wild Boys
40.3%
Hint Answer % Correct
Like A Virgin (6 weeks, 1984-85)The Wild Boys
40.3%
Like A Virgin (6 weeks, 1984-85)The Wild Boys
40.3%
Vogue (3 weeks, 1990)All I Wanna Do Is Make Love To You
39.6%
Vogue (3 weeks, 1990)All I Wanna Do Is Make Love To You
39.6%
Like A Virgin (6 weeks, 1984-85)All I Need
37.6%
Like A Virgin (6 weeks, 1984-85)All I Need
37.6%
Music (4 weeks, 2000)Doesn't Really Matter
34.2%
Music (4 weeks, 2000)Doesn't Really Matter
34.2%
Like A Prayer (3 weeks, 1989)I'll Be There For You
31.5%
Like A Prayer (3 weeks, 1989)I'll Be There For You
31.5%
Take A Bow (7 weeks, 1995)Candy Rain
26.2%
Take A Bow (7 weeks, 1995)Candy Rain
26.2%
Take A Bow (7 weeks, 1995)Candy Rain
26.2%
Take A Bow (7 weeks, 1995)Candy Rain
26.2%
Music (4 weeks, 2000)Give Me Just One Night (Una Noche)
22.8%
Music (4 weeks, 2000)Give Me Just One Night (Una Noche)
22.8%

You're not logged in!

Compare scores with friends on all Sporcle quizzes.
OR
Log In

Sporcle TV

Today on Sporcle TV


Watch our educational content, quiz creation guides, and fun videos on Sporcle TV.

Show Comments

Extras

Top Quizzes Today


Score Distribution

Your Account Isn't Verified!

In order to create a playlist on Sporcle, you need to verify the email address you used during registration. Go to your Sporcle Settings to finish the process.

Report this User

Report this user for behavior that violates our Community Guidelines.

Details: